| 000 | 00787nam a2200229Ia 4500 | ||
|---|---|---|---|
| 003 | OSt | ||
| 005 | 20200825124553.0 | ||
| 008 | 191128s2011 ck ao gr 000 0 spa d | ||
| 020 | _a9789584477750 | ||
| 040 |
_aCO-JMCR _cCO-JMCR |
||
| 041 | 0 | _aspa | |
| 082 | 0 | 4 |
_a350.00092 / _bV344v _223 |
| 100 | 1 |
_aVillamizar Jaramillo, Rogelio, _eautor _99191 |
|
| 245 | 1 | 0 |
_aVerdades sobre Colombia / _cRogelio Villamizar Jaramillo |
| 250 | _aPrimera edición | ||
| 260 |
_aCali : _bFeriva, _c2011 |
||
| 300 |
_a329 páginas : _bfotografías a color ; _c23 cm. |
||
| 505 | 0 | _aEl empresario -- De Ecopetrol a Visocontrol -- Para muestra: dos botones | |
| 650 | 1 | 4 |
_aAspectos económicos _zColombia _97246 |
| 650 | 1 | 4 |
_aAspectos sociales _xcorrupción _ySiglo XXI _zColombia _99192 |
| 942 |
_2ddc _cBK |
||
| 999 |
_c5931 _d5931 |
||